| 000 | 00533cam a2200205ua 4500 | ||
|---|---|---|---|
| 020 | _c200.00 | ||
| 041 |
_aeng _h |
||
| 082 |
_a633.83 _bSIN/SP |
||
| 100 | _aRamamrutham, S. | ||
| 245 |
_aTextbook of applied mechanics: engineering mechanics / _cS. Ramamrutham. _hTextual Documents |
||
| 250 |
_a15 / _b. |
||
| 260 |
_aNew Delhi : _bDhanpath Rai and sons , _c1997. |
||
| 300 | _a253 ; . | ||
| 365 | _a200.00 | ||
| 504 | _a | ||
| 700 | 1 | _aKirti, Singh . | |
| 942 | _cBK | ||
| 999 |
_c7270 _d7270 |
||